| 000 | 00747nam a2200217 a 4500 | ||
|---|---|---|---|
| 005 | 2009082100090.0 | ||
| 008 | 981001s1998 ii b 000 0 eng | ||
| 010 | _aENG-94797 | ||
| 020 |
_c310.00 _a9788190695619 |
||
| 035 | _aEN-78330 | ||
| 037 | _bDBAD / PUB | ||
| 040 |
_adpl _bEnglish |
||
| 082 | _a888 | ||
| 100 | _aKarol, Madhvi | ||
| 245 |
_aIt's my life / _cby Madhvi Karol |
||
| 260 |
_aVadodara _bIndian Age Communication _c2008 |
||
| 270 |
_a201, Kalapi Chambers, Opp. Novino, Makarpura, _bVadodara _e390010 |
||
| 300 |
_a247p. _c21cm(pbk) |
||
| 942 |
_2ddc _cEN _mKAR _h888 |
||
| 999 |
_c29397 _d29397 |
||